000 00694nam a22001937a 4500
005 20251108175509.0
008 250721s2015 xx 000 0 ara d
082 1 4 _aم/216.1/برا
100 1 _aالبراعي، الامام خلف بن ابي القاسم محمد الازدي القيرواني
245 1 0 _aتهذيب مسائل المدونة المسمى التهذيب في اختصار المدونة /
264 1 _aالقاهرة :
_bدار الغد الجديد،
_c2015.
300 _a
650 1 7 _aاصول الفقه
650 1 7 _aالفقه الاسلامي
650 1 7 _aالاسلام
700 1 _aقدري، عماد
942 _2ddc
_cREF
999 _c135497
_d135497